| 000 | 01147aam a2200313 4500 | ||
|---|---|---|---|
| 001 | 19597 | ||
| 003 | CO-MdFUSB | ||
| 005 | 20180622170549.0 | ||
| 008 | 170522t1996 enkoba|| |||| 00| 0 eng d | ||
| 020 | _a0-521-43878-0 | ||
| 040 |
_aCO-MdFUSB _bspa _cCO-MdFUSB _dCO-MdFUSB _erda |
||
| 041 | _aeng | ||
| 082 |
_224 _aG 294.5 _bF631i |
||
| 100 | 1 |
_aFlood, Gavin _eautor |
|
| 245 | 0 | 3 |
_aAn Introduction to Hinduism _c/ Gavin Flood |
| 264 | 1 |
_aCambridge, England : _bCambridge University Press, _c℗1996 |
|
| 264 | 4 | _c©1996 | |
| 300 |
_axviii, 341 páginas _b: _c; |
||
| 336 |
_2rdacontent _a1 _ba1 |
||
| 337 |
_2rdamedia _a2 _b5 |
||
| 338 |
_2rdacarrier _a2 _b5 |
||
| 500 | _aIncluye índice (p. 329-341) | ||
| 504 | _aBibliografía (p. 305- 328) | ||
| 505 | 0 | 0 | _aPuntos de partida - Orígenes antiguos - Dharma - Yoga y renuncia - Tradiciones narrativas y vaisnavismo - El amor de Visnu - Saiva y religión tántrica - Las tradiciones de la diosa y Sakta - Rituales hindúes - Teología y filosofía hindú - Hinduismo y el mundo moderno |
| 563 | _aRústico | ||
| 650 | 7 |
_9386 _aReligiones |
|
| 942 | _cBK | ||
| 999 |
_c45959 _d45959 |
||